| 000 | 00747nam a2200253Ia 4500 | ||
|---|---|---|---|
| 003 | OSt | ||
| 005 | 20220918183628.0 | ||
| 006 | a|||||r|||| 00| 0 | ||
| 007 | ta | ||
| 008 | 220917b |||||||| |||| 00| 0 eng d | ||
| 024 | _a39,291 | ||
| 037 | _cTextual | ||
| 040 |
_aARTS _cARTS _beng |
||
| 041 |
_2eng _aeng |
||
| 082 | _aO15vM, 111L7.2 (Q4) | ||
| 100 | _aWinternitz Maurice | ||
| 245 | 0 | _aHistory of Indian literature tr from the German by S Ketkar and H Khon | |
| 250 | _a2nd | ||
| 260 |
_aNew Delhi _bOriental Books Reprint Corporation _c1977 |
||
| 500 | _aAppendix 597-615p (I-VI) | ||
| 650 | _aENGLISH LITERATURE | ||
| 942 |
_hO15vM, 111L7.2 (Q4) _cTEXL _2CC |
||
| 999 |
_c173239 _d173239 |
||